| Tag |
First Indicator |
Second Indicator |
Subfields |
| LEADER |
00000cam a22000007a 4500 |
| 001 |
in00000002764 |
| 005 |
20151007050759.0 |
| 008 |
990121s1999 xxu f000 0 eng d |
| 035 |
|
|
|a (OCoLC)
|
| 035 |
|
|
|a tmp97138960
|
| 035 |
|
|
|9 AJD9564AM
|
| 040 |
|
|
|a MvI
|c MvI
|d UtOrBLW
|
| 049 |
|
|
|a ROMS
|
| 074 |
|
|
|a 0624-H
|
| 086 |
0 |
|
|a I 19.76:98-622
|
| 245 |
0 |
0 |
|a National Geochemical Atlas: The Geochemical Landscape of the Conterminous United States Derived from Stream Sediment and other Solid Sample, etc., U.S. Geological Survey Open-File Report 98-622, 1998, (CD-ROM).
|
| 264 |
|
1 |
|a [Place of publication not identified] :
|b [publisher not identified],
|c [1999?]
|
| 336 |
|
|
|a text
|b txt
|2 rdacontent
|
| 337 |
|
|
|a unmediated
|b n
|2 rdamedia
|
| 338 |
|
|
|a volume
|b nc
|2 rdacarrier
|
| 500 |
|
|
|a Shipping List #: 99-0020-E
|
| 500 |
|
|
|a Shipping List Date: 01/12/99
|
| 710 |
2 |
|
|a Geological Survey (U.S.)
|
| 999 |
|
|
|a MARS
|
| 999 |
f |
f |
|s 8a364d5b-b01d-32bc-b422-7a90cc8fb4a2
|i d6a5b267-e317-30b1-ab31-49a24ef73b05
|t 0
|
| 952 |
f |
f |
|p normal
|a Texas A&M University
|b College Station
|c Sterling C. Evans Library
|d Evans: US Documents CD-ROMs (Annex 5th floor)
|t 0
|e I 19.76:98-622
|h Superintendent of Documents classification
|i unmediated -- volume
|m A14824441827
|
| 998 |
f |
f |
|a I 19.76:98-622
|t 0
|l Evans: US Documents CD-ROMs (Annex 5th floor)
|